| 000 | 00515nam a2200205 a 4500 | ||
|---|---|---|---|
| 001 | BRCA_4293 | ||
| 005 | 20190320204621.0 | ||
| 008 | 240610s1961----nyu#######---#000-0#eng-# | ||
| 041 | _aeng | ||
| 044 | _anyu | ||
| 050 | 4 |
_aPZ3 _b.S76 1961 |
|
| 100 | 1 |
_aStout, Rex _910486 |
|
| 245 | 1 | 0 |
_aThree at Wolfe´s Door _ba Nero Wolfe Threesome _cRex Stout. |
| 260 |
_aNueva York _bBantam _c1961 |
||
| 300 |
_a154 p. _c18 cm. |
||
| 500 | _aCEF89 | ||
| 650 | 1 | 4 |
_aNovelas policíacas _9877 |
| 902 | _aGFM | ||
| 942 |
_2lcc _cB |
||
| 999 |
_c4004 _d4004 |
||